000
00336pam a2200157a 44500
008
230515b1991 xxu||||| |||| 00| 0 eng d
020
_a
NULL
041
_a
ENGLISH
082
_a
N.D.
100
_a
Kochan Stephen
245
_a
Programming IN C
250
_a
0
260
_a
NULL
_b
CBS Pub.
_c
1991
300
_a
445
650
_a
NULL
999
_c
571629
_d
571629